| 000 | 01556namaa22003371i 4500 | ||
|---|---|---|---|
| 003 | EG-GICUC | ||
| 005 | 20260414102146.0 | ||
| 008 | 260414s1999 ts ah||jr|||| 001 p ara d | ||
| 040 |
_aEG-GiCUC _bara _cEG-GiCUC _dEG-GiCUC _erda |
||
| 043 | _aa----ts | ||
| 082 | 0 | 4 |
_221 _a811.967 _bM358 |
| 092 | 0 | 4 |
_221 _a811.967 _bM358 |
| 099 | _a811.967 M358 | ||
| 100 | 1 |
_aالمراكشى، أبى الحسن على ابن ابرهيم الاندلسي _eمؤلف. |
|
| 245 | 1 | 0 |
_aأرجوزة الفواكه الصيفية والخريفية / _cابى الحسن على بن ابراهيم الاندلسى المراكشى ؛ تحقيق ودراسة د. عبد الله بنصر العلوى |
| 250 | _aالطبعة الاولى | ||
| 264 |
_aأبو ظبى (الامارات) : _bالمجمع الثقافى، _c1999. |
||
| 300 |
_a118 صفحة : _bميثليات، _c24 سم |
||
| 336 |
_2rdacontent _atext |
||
| 337 |
_2rdamedia _aUnmediated |
||
| 338 |
_2rdacarrier _avolume |
||
| 490 |
_aالسلسلة الاندلسية ؛ _v3 |
||
| 504 | _aيشتمل على ارجاعات ببليوجرافية وكشافات | ||
| 541 |
_aد. جابر عصفور ؛ _bالقاهرة ؛ _cإهداء ؛ _d2024. |
||
| 600 |
_aالمراكشى، ابى الحسن على بن ابراهيم الاندلسى _dت 660 ه |
||
| 650 | 1 | 7 |
_2qrmak _aالشعر العربى _xتاريخ ونقد _yعصر الموحدين _zالاندلس |
| 651 | 1 | _2qrmak | |
| 700 | 1 |
_aالعلوى؛ عبد الله بنصر _eمحقق. |
|
| 905 | _aNermeen | ||
| 942 |
_2ddc _cBK _e21 _n0 |
||
| 999 |
_c179452 _d179452 |
||